[Event "Campionatul National de sah al Romaniei"]
[Site "Baile Felix"]
[Date "2017.02.05"]
[Round "4.2"]
[White "Stanciu, Ioana-Georgiana"]
[Black "Cusmuliuc, Diana Elena"]
[Result "1-0"]
[WhiteElo "2046"]
[BlackElo "1967"]
[PlyCount "123"]
[EventDate "2017.02.02"]
[EventRounds "9"]

1. e4 c5 2. Nf3 a6 3. c3 e6 4. d4 d5 5. e5 Nc6 6. Bd3 cxd4 7. cxd4 Qb6 8. Nc3
Bd7 9. Bb1 Rc8 10. O-O h6 11. Ne2 Nge7 12. Nh4 g6 13. f4 Nf5 14. Bxf5 gxf5 15.
Rf2 Nb4 16. Ng3 Qc7 17. a3 Nc2 18. Rb1 Nxd4 19. Qxd4 Bc5 20. Qd2 Bxf2+ 21. Kxf2
Qc5+ 22. Ke1 Qg1+ 23. Nf1 Bb5 24. Qf2 Qxf1+ 25. Qxf1 Bxf1 26. Kxf1 Kd7 27. Nf3
Rc4 28. Be3 Rhc8 29. Nd4 b5 30. Ke2 Ke7 31. h3 h5 32. Kd2 Rg8 33. Rg1 f6 34.
Bf2 fxe5 35. fxe5 Kd7 36. g3 Ke7 37. Ke3 Kd7 38. Kd3 b4 39. axb4 Rxb4 40. b3 a5
41. Be1 Rb7 42. Bxa5 h4 43. Be1 Ke8 44. Bf2 hxg3 45. Rxg3 Rxg3+ 46. Bxg3 Rg7
47. Be1 Kd7 48. h4 f4 49. Ke2 Rg1 50. Bf2 Rg7 51. Kf3 Rf7 52. Ne2 Kc6 53. b4
Kb5 54. Bc5 Kc4 55. Nxf4 d4 56. Ke4 Rd7 57. Bd6 Rh7 58. h5 d3 59. Nxd3 Rxh5 60.
Nf4 Rh4 61. Kf3 Rh6 62. Kg4 1-0

[Event "Campionatul National de sah al Romaniei"]
[Site "Baile Felix"]
[Date "2017.02.05"]
[Round "5.1"]
[White "Cosman, Andreea-Marioara"]
[Black "Stanciu, Ioana-Georgiana"]
[Result "1-0"]
[WhiteElo "2127"]
[BlackElo "2046"]
[PlyCount "67"]
[EventDate "2017.02.02"]
[EventRounds "9"]

1. d4 Nf6 2. c4 g6 3. f3 Bg7 4. e4 d6 5. Nc3 O-O 6. Be3 c5 7. d5 e6 8. Qd2 exd5
9. cxd5 a6 10. a4 Nbd7 11. Nh3 Ne5 12. Nf2 Qa5 13. Be2 b5 14. O-O b4 15. Ncd1
Ne8 16. Bh6 f5 17. Bxg7 Kxg7 18. f4 Nd7 19. Ne3 fxe4 20. Nxe4 Ndf6 21. Ng5 Qd8
22. f5 Nc7 23. Ne6+ Nxe6 24. dxe6 Bb7 25. Bf3 Ne4 26. Qd3 gxf5 27. Nxf5+ Rxf5
28. Bxe4 Bxe4 29. Qxe4 Rxf1+ 30. Rxf1 Ra7 31. Rf3 Qe8 32. Qf5 Qc8 33. Rg3+ Kh8
34. e7 1-0

[Event "Campionatul National de sah al Romaniei"]
[Site "Baile Felix"]
[Date "2017.02.06"]
[Round "6.1"]
[White "Ardelean, Lorela-Daniela"]
[Black "Stanciu, Ioana-Georgiana"]
[Result "0-1"]
[WhiteElo "1846"]
[BlackElo "2046"]
[PlyCount "76"]
[EventDate "2017.02.02"]
[EventRounds "9"]

1. d4 Nf6 2. Bf4 g6 3. Nc3 Bg7 4. e4 d6 5. f3 O-O 6. Qd2 Re8 7. O-O-O c6 8. Bh6
Bh8 9. h4 Qa5 10. g4 b5 11. Kb1 b4 12. Nce2 c5 13. h5 Nc6 14. hxg6 fxg6 15. g5
Nd7 16. Nf4 Nxd4 17. Bc4+ e6 18. Qh2 Ne5 19. Bf8 Kxf8 20. Nxg6+ Nxg6 21. Qxh7
Bg7 22. Qxg6 Qc7 23. Rh4 Bb7 24. Ne2 Nxe2 25. Rdh1 Qf7 26. Qxf7+ Kxf7 27. Bxe2
Rh8 28. Rf4+ Kg6 29. Rg1 Raf8 30. Rfg4 Bd4 31. Rd1 Rh2 32. Bc4 Rxf3 33. Bxe6
Rhf2 34. c3 bxc3 35. bxc3 Rxc3 36. Rh1 Ba6 37. Bf5+ Kg7 38. Rh7+ Kg8 0-1

[Event "Campionatul National de sah al Romaniei"]
[Site "Baile Felix"]
[Date "2017.02.07"]
[Round "7.2"]
[White "Stanciu, Ioana-Georgiana"]
[Black "Ciungan, Diana Alexandra"]
[Result "1-0"]
[WhiteElo "2046"]
[BlackElo "1926"]
[PlyCount "55"]
[EventDate "2017.02.02"]
[EventRounds "9"]

1. e4 c5 2. Nf3 d6 3. d4 cxd4 4. Nxd4 Nf6 5. Nc3 a6 6. h3 e6 7. g4 d5 8. exd5
Nxd5 9. Nde2 h5 10. Bg2 Nc6 11. Nxd5 exd5 12. g5 Bf5 13. Be3 Be7 14. Qd2 Rc8
15. c3 Ne5 16. Qxd5 Nd3+ 17. Kf1 Qxd5 18. Bxd5 Rc7 19. b3 O-O 20. c4 Nb4 21.
Bf3 Nc2 22. Rd1 Nxe3+ 23. fxe3 Bxg5 24. Rd5 Bxh3+ 25. Rxh3 Bxe3 26. Rdxh5 Bh6
27. Nd4 f5 28. Ne6 1-0

[Event "Campionatul National de sah al Romaniei"]
[Site "Baile Felix"]
[Date "2017.02.08"]
[Round "9.2"]
[White "Cusmuliuc, Diana Elena"]
[Black "Stanciu, Ioana-Georgiana"]
[Result "1/2-1/2"]
[WhiteElo "1967"]
[BlackElo "2046"]
[PlyCount "103"]
[EventDate "2017.02.02"]
[EventRounds "9"]

1. d4 Nf6 2. Bg5 e6 3. Nd2 h6 4. Bxf6 Qxf6 5. Ngf3 d6 6. e3 g6 7. Bd3 Bg7 8. h4
Nd7 9. c3 b6 10. Qa4 Bb7 11. Bb5 Qd8 12. Bc6 Bxc6 13. Qxc6 O-O 14. O-O-O Nf6
15. e4 Qd7 16. Qxd7 Nxd7 17. Nc4 Rfd8 18. Rhe1 d5 19. Nce5 dxe4 20. Rxe4 Nf6
21. Re2 Nd5 22. g3 h5 23. Kb1 c5 24. c4 Ne7 25. d5 exd5 26. cxd5 Rxd5 27. Rxd5
Nxd5 28. Rd2 Nf6 29. Nc6 a6 30. Re2 Re8 31. Rxe8+ Nxe8 32. Nb8 Nc7 33. Nd7 Nd5
34. a3 f6 35. Kc2 Kf7 36. Nb8 a5 37. Kd3 Ke6 38. Na6 Kd6 39. Kc4 f5 40. b3 Nc3
41. Ng5 Ne4 42. Nc7 Bd4 43. Nb5+ Kc6 44. Nxe4 fxe4 45. Nxd4+ cxd4 46. Kxd4 Kb5
47. Kxe4 a4 48. b4 Kc4 49. f3 Kb3 50. Kd3 Kxa3 51. Kc3 Ka2 52. Kc2 1/2-1/2

[Event "TCh-ROU Superliga w 2017"]
[Site "Baile Govora ROU"]
[Date "2017.11.11"]
[Round "1.3"]
[White "Cosman, Andreea-Marioara"]
[Black "Stanciu, Ioana-Georgiana"]
[Result "1-0"]
[WhiteElo "2146"]
[BlackElo "2005"]
[PlyCount "61"]
[EventDate "2017.??.??"]
[WhiteTeam "CSM Bucuresti"]
[BlackTeam "CS Studentesc Medicina Timisoara"]

1. d4 d5 2. c4 e6 3. Nf3 c6 4. Nbd2 f5 5. g3 Bd6 6. Bg2 Nf6 7. b3 O-O 8. Bb2 f4
9. Qc2 Bd7 10. gxf4 Bxf4 11. Ba3 Re8 12. e3 Bc7 13. Bf1 e5 14. dxe5 Ng4 15. Bd3
h6 16. Bh7+ Kh8 17. Bg6 Bxe5 18. Nxe5 Rxe5 19. O-O-O Nxf2 20. Rhf1 Bf5 21. Bxf5
Nxd1 22. Rxd1 Na6 23. Rg1 Qb6 24. c5 Qa5 25. Bb2 Re7 26. Nc4 dxc4 27. Qg2 c3
28. Qg6 cxb2+ 29. Kb1 Kg8 30. Qh7+ Kf7 31. Qxg7+ 1-0

[Event "TCh-ROU Superliga w 2017"]
[Site "Baile Govora ROU"]
[Date "2017.11.12"]
[Round "2.2"]
[White "Andres, Marina-Corina"]
[Black "Stanciu, Ioana-Georgiana"]
[Result "0-1"]
[WhiteElo "1600"]
[BlackElo "2005"]
[PlyCount "62"]
[EventDate "2017.??.??"]
[WhiteTeam "Sah Club Galati"]
[BlackTeam "CS Studentesc Medicina Timisoara"]

1. e4 c5 2. Nc3 Nc6 3. g3 g6 4. Bg2 Bg7 5. f4 d6 6. Nf3 e6 7. O-O Nge7 8. Ne2
O-O 9. c3 e5 10. d3 Rb8 11. Be3 b6 12. h3 Qd7 13. g4 f5 14. gxf5 gxf5 15. Qd2
Ba6 16. Rfd1 Rbe8 17. Ng3 Bh6 18. Nh4 fxe4 19. fxe5 Bxe3+ 20. Qxe3 Nxe5 21.
Qg5+ N7g6 22. Bxe4 Qe7 23. Bd5+ Kh8 24. Nxg6+ Nxg6 25. Qxe7 Rxe7 26. Bg2 Nf4
27. d4 Rg7 28. Kh2 Rfg8 29. Bf1 Bb7 30. Nf5 Rg1 31. Bc4 R8g2# 0-1

[Event "TCh-ROU Superliga w 2017"]
[Site "Baile Govora ROU"]
[Date "2017.11.14"]
[Round "4.3"]
[White "Minnich, Mihaela-Cristiana"]
[Black "Stanciu, Ioana-Georgiana"]
[Result "0-1"]
[WhiteElo "1312"]
[BlackElo "2005"]
[PlyCount "113"]
[EventDate "2017.??.??"]
[WhiteTeam "CS Sanandrei"]
[BlackTeam "CS Studentesc Medicina Timisoara"]

1. e4 c5 2. Nf3 d6 3. Bb5+ Nd7 4. Bxd7+ Bxd7 5. d3 g6 6. O-O Bg7 7. Nc3 Nf6 8.
Be3 O-O 9. h3 Rc8 10. a4 Qb6 11. Qd2 Rfe8 12. Rab1 Qb4 13. b3 Bc6 14. Ne2 Qxd2
15. Bxd2 Nd7 16. Ng3 b6 17. Be3 Bb7 18. Nd2 Ne5 19. f4 Nc6 20. Kh1 Nb4 21. Rfc1
a6 22. Kg1 b5 23. axb5 axb5 24. Kf2 Ra8 25. Kg1 Ra2 26. c4 Nxd3 27. Rd1 bxc4
28. Nxc4 Nb4 29. Rd2 Rea8 30. Nb6 Rxd2 31. Bxd2 Ra2 32. Bxb4 cxb4 33. Kf1 Ba6+
34. Nc4 Rc2 35. Ne2 Bxc4 36. bxc4 Rxc4 37. Ng3 Bc3 38. Ke2 Kf8 39. Kd3 Rd4+ 40.
Ke3 e5 41. f5 Ke7 42. fxg6 hxg6 43. Ne2 Bd2+ 44. Kf3 Rd3+ 45. Kf2 d5 46. exd5
Rxd5 47. Ng3 f5 48. Rd1 Be3+ 49. Ke1 Rxd1+ 50. Kxd1 b3 51. Nf1 Bd4 52. Kc1 e4
53. Ng3 Kd6 54. Kb1 Kc5 55. Ne2 Kc4 56. Nf4 e3 57. Ne2 0-1

[Event "TCh-ROU Superliga w 2017"]
[Site "Baile Govora ROU"]
[Date "2017.11.15"]
[Round "5.1"]
[White "Lehaci, Miruna-Daria"]
[Black "Stanciu, Ioana-Georgiana"]
[Result "1-0"]
[WhiteElo "1995"]
[BlackElo "2005"]
[PlyCount "81"]
[EventDate "2017.??.??"]
[WhiteTeam "CS Politehnica - Aqua Carpatica Iasi"]
[BlackTeam "CS Studentesc Medicina Timisoara"]

1. Nf3 c5 2. c4 Nc6 3. Nc3 Nf6 4. e3 e6 5. b3 d5 6. cxd5 exd5 7. d4 Bg4 8. Be2
a6 9. Bb2 Bd6 10. O-O O-O 11. dxc5 Bxc5 12. Nd4 h5 13. Nxc6 bxc6 14. h3 Bxe2
15. Nxe2 Rc8 16. Qd3 a5 17. Rac1 Bd6 18. Nd4 Qd7 19. Qf5 Qxf5 20. Nxf5 Rfd8 21.
Nxd6 Rxd6 22. Rc5 Ra8 23. Rfc1 Ra6 24. Be5 Re6 25. Bc7 a4 26. b4 Ne4 27. Ra5
Rxa5 28. bxa5 c5 29. f3 Nf6 30. Rxc5 Rxe3 31. a6 Re8 32. a7 Ra8 33. Bb8 Kh7 34.
Rc8 Kg6 35. Kf2 Nd7 36. Ke3 Kf5 37. g4+ hxg4 38. hxg4+ Kg6 39. Kd4 Nf6 40. Kc5
Nd7+ 41. Kc6 1-0

[Event "TCh-ROU Superliga w 2017"]
[Site "Baile Govora ROU"]
[Date "2017.11.19"]
[Round "9.1"]
[White "Stanciu, Ioana-Georgiana"]
[Black "Cimpean, Andra"]
[Result "1-0"]
[WhiteElo "2005"]
[BlackElo "1900"]
[PlyCount "87"]
[EventDate "2017.??.??"]
[WhiteTeam "CS Studentesc Medicina Timisoara"]
[BlackTeam "ACS Smart Galati"]

1. e4 Nf6 2. e5 Nd5 3. d4 d6 4. Nf3 g6 5. Bc4 Nb6 6. Bb3 Bg7 7. Qe2 O-O 8. h3
Nc6 9. O-O Na5 10. Nc3 h6 11. Bf4 d5 12. Rad1 Be6 13. Nh2 Rc8 14. Ng4 Bxg4 15.
Qxg4 e6 16. h4 h5 17. Qg3 c5 18. dxc5 Rxc5 19. Ne4 Nxb3 20. cxb3 Rc2 21. Bg5
Qc7 22. Nf6+ Kh8 23. Rc1 Rc8 24. a4 Rc6 25. Rxc6 bxc6 26. Qf4 c5 27. g4 d4 28.
Bh6 Nd5 29. Qg5 Bxf6 30. exf6 Kg8 31. gxh5 Kh7 32. hxg6+ fxg6 33. Re1 Qd6 34.
h5 Nf4 35. Qxf4 Qxf4 36. Bxf4 gxh5 37. Rxe6 Kg6 38. Be5 Rg8 39. Re7 Kf5+ 40.
Kh2 d3 41. Bc3 Rd8 42. f7 d2 43. Bxd2 Kf6 44. Re8 1-0

[Event "Campionatul national pe echipe - SUPERL"]
[Site "?"]
[Date "2016.11.22"]
[Round "2.3"]
[White "Patru, Alexandra-Ioana"]
[Black "Stanciu, Ioana-Georgiana"]
[Result "0-1"]
[WhiteElo "1499"]
[BlackElo "2032"]
[PlyCount "108"]
[EventDate "2016.11.19"]
[EventType "team"]
[EventRounds "9"]
[WhiteTeam "C.S. Universitar Ploiesti"]
[BlackTeam "C.S. Universitatea Arad"]

1. d4 Nf6 2. Nf3 g6 3. c4 Bg7 4. Nc3 O-O 5. g3 d6 6. Bg2 Nbd7 7. O-O a6 8. e4
e5 9. h3 exd4 10. Nxd4 Re8 11. Kh2 Ne5 12. b3 c5 13. Nde2 Rb8 14. f4 Nc6 15.
Rb1 Qc7 16. Bb2 b5 17. cxb5 axb5 18. Qd2 Ba6 19. Rfe1 Ne7 20. Rbd1 b4 21. Nd5
Nexd5 22. exd5 Qa5 23. Nc1 c4 24. bxc4 Bxc4 25. Rxe8+ Rxe8 26. a3 Rb8 27. axb4
Qxb4 28. Qxb4 Rxb4 29. Ba3 Rb6 30. Rd2 Kf8 31. Ne2 Ke7 32. g4 Kd7 33. Ng3 Rb3
34. Bc1 Rb5 35. f5 Nxd5 36. fxg6 hxg6 37. Rf2 Nb4 38. Rf4 Be6 39. Bf1 Rb8 40.
Rf2 Rc8 41. Bb5+ Ke7 42. Bd2 Nd5 43. Ne4 Be5+ 44. Kg2 Rb8 45. Bd3 Nb4 46. Bxb4
Rxb4 47. Ng5 Bd5+ 48. Kf1 Rb3 49. Bc2 Bc4+ 50. Kg1 Rg3+ 51. Kh1 Bd5+ 52. Be4
Bxe4+ 53. Nxe4 Rxh3+ 54. Kg1 Bd4 0-1

[Event "Campionatul national pe echipe - SUPERL"]
[Site "?"]
[Date "2016.11.24"]
[Round "4.3"]
[White "Stanciu, Ioana-Georgiana"]
[Black "L'Ami, Alina"]
[Result "0-1"]
[WhiteElo "2032"]
[BlackElo "2341"]
[PlyCount "48"]
[EventDate "2016.11.19"]
[EventType "team"]
[EventRounds "9"]
[WhiteTeam "C.S. Universitatea Arad"]
[BlackTeam "C.S. Politehnica Iasi"]

1. e4 e6 2. d4 d5 3. Nc3 Nf6 4. e5 Nfd7 5. f4 c5 6. Nf3 Nc6 7. Be3 a6 8. Qd2 b5
9. dxc5 Bxc5 10. Bd3 h6 11. Bxc5 Nxc5 12. O-O b4 13. Ne2 Qb6 14. Kh1 a5 15. Ng3
g6 16. Nh4 Ne7 17. Rf3 Ba6 18. Nf1 Ne4 19. Bxe4 dxe4 20. Rg3 Rd8 21. Qe1 g5 22.
fxg5 hxg5 23. Ne3 gxh4 24. Rg5 Nd5 0-1

[Event "Campionatul national pe echipe - SUPERL"]
[Site "?"]
[Date "2016.11.26"]
[Round "6.3"]
[White "Stanciu, Ioana-Georgiana"]
[Black "Sandu, Mihaela"]
[Result "1/2-1/2"]
[WhiteElo "2032"]
[BlackElo "2207"]
[PlyCount "59"]
[EventDate "2016.11.19"]
[EventType "team"]
[EventRounds "9"]
[WhiteTeam "C.S. Universitatea Arad"]
[BlackTeam "C.S. Stud. Medicina Timisoara"]

1. e4 c5 2. Nf3 e6 3. d4 cxd4 4. Nxd4 a6 5. c4 Nf6 6. Nc3 Qc7 7. a3 d6 8. f3
Be7 9. Be3 O-O 10. Be2 d5 11. cxd5 exd5 12. exd5 Bd6 13. g3 Re8 14. Qd2 Bh3 15.
Bf4 Nbd7 16. Bxd6 Qxd6 17. O-O-O Rac8 18. Kb1 Nxd5 19. Nxd5 Qxd5 20. g4 h5 21.
Nf5 Qxd2 22. Rxd2 Ne5 23. Rg1 Rcd8 24. Kc1 Rxd2 25. Kxd2 Ng6 26. Rg3 Nf4 27.
Bc4 Kf8 28. Ne3 b5 29. Ba2 Rd8+ 30. Kc2 1/2-1/2

[Event "Campionatul National de sah al Romaniei"]
[Site "Caciulata"]
[Date "2016.04.18"]
[Round "1.3"]
[White "Toba, Andreea-Valentina"]
[Black "Stanciu, Ioana-Georgiana"]
[Result "0-1"]
[WhiteElo "1549"]
[BlackElo "1897"]
[PlyCount "48"]
[EventDate "2016.04.18"]
[EventRounds "9"]

1. e4 c5 2. Nf3 e6 3. d4 cxd4 4. Nxd4 Nf6 5. Nc3 d6 6. Bg5 h6 7. Be3 Be7 8. f3
a6 9. Qd2 b5 10. a3 Bb7 11. O-O-O Nbd7 12. g4 d5 13. exd5 Nxd5 14. Nxd5 Bxd5
15. Bg2 Ne5 16. Qe2 Nc4 17. Rhg1 Qa5 18. Nb3 Qc7 19. f4 Rc8 20. Nd4 Bxg2 21.
Rxg2 b4 22. a4 b3 23. Nxb3 Qc6 24. a5 Nxe3 0-1

[Event "Campionatul National de sah al Romaniei"]
[Site "Caciulata"]
[Date "2016.04.19"]
[Round "2.3"]
[White "Stanciu, Ioana-Georgiana"]
[Black "Bitica, Stefania"]
[Result "1-0"]
[WhiteElo "1897"]
[BlackElo "1411"]
[PlyCount "81"]
[EventDate "2016.04.18"]
[EventRounds "9"]

1. d4 Nf6 2. c4 e6 3. Nc3 d5 4. Nf3 Nbd7 5. Bg5 Be7 6. e3 b6 7. Be2 Bb7 8. O-O
O-O 9. Rc1 c5 10. Ne5 cxd4 11. exd4 Rc8 12. Bf3 h6 13. Bh4 Re8 14. Re1 Nxe5 15.
dxe5 Nd7 16. Bxe7 Qxe7 17. cxd5 exd5 18. Nxd5 Bxd5 19. Bxd5 Rxc1 20. Qxc1 Nxe5
21. f4 Qd7 22. Rd1 Qf5 23. fxe5 Qxe5 24. h3 Qe3+ 25. Qxe3 Rxe3 26. Rf1 Re7 27.
Kf2 Kf8 28. Re1 Rxe1 29. Kxe1 Ke7 30. Ke2 f6 31. Ke3 Kd6 32. Kd4 g5 33. Bc4 f5
34. b4 a5 35. b5 h5 36. a4 h4 37. Bb3 Ke7 38. Ke5 f4 39. Kf5 Kd6 40. Kxg5 Ke5
41. Kxh4 1-0

[Event "Campionatul National de sah al Romaniei"]
[Site "Caciulata"]
[Date "2016.04.20"]
[Round "3.1"]
[White "Ciungan, Diana Alexandra"]
[Black "Stanciu, Ioana-Georgiana"]
[Result "0-1"]
[WhiteElo "1866"]
[BlackElo "1897"]
[PlyCount "52"]
[EventDate "2016.04.18"]
[EventRounds "9"]

1. e4 c5 2. Nf3 d6 3. d4 cxd4 4. Nxd4 Nf6 5. Nc3 g6 6. Be3 Bg7 7. f3 Nc6 8. Qd2
O-O 9. O-O-O d5 10. exd5 Nxd5 11. Nxc6 bxc6 12. Bd4 e5 13. Bc5 Be6 14. Ne4 Re8
15. g4 h6 16. h4 Qc7 17. Bd6 Qb6 18. Bc5 Qc7 19. Bd6 Qb7 20. Nc5 Qb6 21. c4 Nf4
22. Nxe6 Nxe6 23. Bg2 Qa6 24. b3 Rad8 25. Qb2 Nf4 26. Qc2 Rxd6 0-1

[Event "Campionatul National de sah al Romaniei"]
[Site "Caciulata"]
[Date "2016.04.21"]
[Round "4.1"]
[White "Stanciu, Ioana-Georgiana"]
[Black "Coman, Emilia-Florentina"]
[Result "1-0"]
[WhiteElo "1897"]
[BlackElo "1854"]
[PlyCount "67"]
[EventDate "2016.04.18"]
[EventRounds "9"]

1. e4 c6 2. d4 d5 3. e5 c5 4. dxc5 e6 5. Be3 Nh6 6. Bxh6 gxh6 7. Qd2 Bg7 8. f4
Nd7 9. Bb5 O-O 10. Nf3 Nxc5 11. Nc3 Bd7 12. Bd3 Qb6 13. O-O-O Qb4 14. g4 Nxd3+
15. cxd3 Rac8 16. Kb1 Rc7 17. Rhg1 Rfc8 18. Rc1 Rxc3 19. Rxc3 Rxc3 20. Qxc3
Qxf4 21. d4 Bc6 22. h4 Qe4+ 23. Ka1 Qe2 24. h5 f6 25. exf6 Bxf6 26. g5 hxg5 27.
Nxg5 Bxg5 28. Rxg5+ Kf7 29. a3 Qf1+ 30. Ka2 h6 31. Rg6 Qe2 32. Rxh6 Kg7 33.
Qg3+ Kf7 34. Rh7+ 1-0

[Event "Campionatul National de sah al Romaniei"]
[Site "Caciulata"]
[Date "2016.04.21"]
[Round "5.1"]
[White "Dumitras, Teodora-Iarina"]
[Black "Stanciu, Ioana-Georgiana"]
[Result "1/2-1/2"]
[WhiteElo "1686"]
[BlackElo "1897"]
[PlyCount "89"]
[EventDate "2016.04.18"]
[EventRounds "9"]

1. Nf3 Nf6 2. b3 g6 3. Bb2 Bg7 4. e3 O-O 5. Be2 d6 6. d4 Nbd7 7. O-O c5 8. c4
a6 9. Nc3 Qc7 10. Qc2 b6 11. Nd2 Bb7 12. Bf3 Rab8 13. Bxb7 Qxb7 14. f4 b5 15.
Ne2 Rfc8 16. Rab1 Nb6 17. Qd3 Nbd7 18. d5 a5 19. e4 bxc4 20. Nxc4 Qa8 21. Ng3
Nb6 22. Bc3 a4 23. Na5 Nfxd5 24. exd5 Bxc3 25. Nc6 Bd4+ 26. Kh1 Rb7 27. Nxd4
cxd4 28. Qxd4 axb3 29. axb3 Rc5 30. Ra1 Ra7 31. Rxa7 Qxa7 32. Ra1 Qc7 33. h3
Rxd5 34. Qe3 Rc5 35. Ne4 Rc2 36. Ra6 Rc6 37. b4 f6 38. b5 Rc1+ 39. Kh2 Nd5 40.
Qa3 Qc2 41. Rc6 Qxe4 42. Qxc1 Ne3 43. Qb2 Qxf4+ 44. Kg1 Qf1+ 45. Kh2 1/2-1/2

[Event "Campionatul National de sah al Romaniei"]
[Site "Caciulata"]
[Date "2016.04.22"]
[Round "6.1"]
[White "Varga, Adrienn"]
[Black "Stanciu, Ioana-Georgiana"]
[Result "0-1"]
[WhiteElo "1677"]
[BlackElo "1897"]
[PlyCount "100"]
[EventDate "2016.04.18"]
[EventRounds "9"]

1. e4 c5 2. Nf3 d6 3. d4 cxd4 4. Nxd4 Nf6 5. Nc3 g6 6. Be2 Bg7 7. Be3 O-O 8.
O-O Nc6 9. Qd2 Re8 10. Kh1 Ng4 11. Bxg4 Bxg4 12. h3 Bd7 13. f4 a6 14. f5 Ne5
15. fxg6 hxg6 16. Qf2 e6 17. Rad1 Qe7 18. Nce2 Bc6 19. Ng3 Nc4 20. Bc1 d5 21.
Nxc6 bxc6 22. b3 Ne5 23. Bf4 Rf8 24. exd5 cxd5 25. Rfe1 f6 26. Qe2 Rac8 27. Nf1
Rc6 28. Nh2 g5 29. Bg3 Ng6 30. Qd3 f5 31. Nf3 Rfc8 32. Re2 Kf7 33. Rde1 Rc3 34.
Qxa6 R8c6 35. Qa3 Rxc2 36. Rxc2 Rxc2 37. Qa6 Bf6 38. Bd6 Qd7 39. Bb4 Nf4 40.
Qa8 Ng6 41. Bd2 Nf4 42. a4 Nxg2 43. Rg1 Rc8 44. Qa6 g4 45. Kxg2 gxf3+ 46. Kxf3
d4 47. Kf2 d3 48. Kf1 Rc2 49. Ke1 Qd4 50. Qa5 Qxg1# 0-1

[Event "Campionatul National de sah al Romaniei"]
[Site "Caciulata"]
[Date "2016.04.23"]
[Round "7.1"]
[White "Stanciu, Ioana-Georgiana"]
[Black "Cusmuliuc, Diana Elena"]
[Result "0-1"]
[WhiteElo "1897"]
[BlackElo "1931"]
[PlyCount "34"]
[EventDate "2016.04.18"]
[EventRounds "9"]

1. e4 e6 2. d4 d5 3. Nc3 Bb4 4. e5 c5 5. a3 Bxc3+ 6. bxc3 Qc7 7. Qg4 f5 8. Qg3
Nc6 9. Bb5 cxd4 10. cxd4 Nge7 11. Ne2 Qa5+ 12. Nc3 O-O 13. Bg5 f4 14. Qd3 Nf5
15. Bxf4 Nfxd4 16. Bxc6 Nxc6 17. Bd2 Nb4 0-1

[Event "Campionatul National de sah al Romaniei"]
[Site "Caciulata"]
[Date "2016.04.24"]
[Round "8.1"]
[White "Stanciu, Ioana-Georgiana"]
[Black "Cimpean, Andra"]
[Result "1-0"]
[WhiteElo "1897"]
[BlackElo "1897"]
[PlyCount "59"]
[EventDate "2016.04.18"]
[EventRounds "9"]

1. e4 d5 2. exd5 Qxd5 3. Nf3 Bg4 4. Be2 Nc6 5. O-O O-O-O 6. Nc3 Qd7 7. h3 Bf5
8. d3 e5 9. a3 f6 10. b4 g5 11. b5 Nd4 12. a4 h5 13. Nxd4 exd4 14. Ne4 g4 15.
h4 Re8 16. Bb2 Bh6 17. g3 Bxe4 18. dxe4 Rxe4 19. Bd3 Re7 20. Bxd4 Kb8 21. c3
Bg7 22. a5 f5 23. Bxf5 Qxf5 24. b6 cxb6 25. axb6 a6 26. Bxg7 Rxg7 27. Qd6+ Kc8
28. Ra5 Rd7 29. Rc5+ Kd8 30. Qb8+ 1-0

[Event "Campionatul National de sah al Romaniei"]
[Site "Caciulata"]
[Date "2016.04.25"]
[Round "9.1"]
[White "Ardelean, Lorela-Daniela"]
[Black "Stanciu, Ioana-Georgiana"]
[Result "1/2-1/2"]
[WhiteElo "1713"]
[BlackElo "1897"]
[PlyCount "147"]
[EventDate "2016.04.18"]
[EventRounds "9"]

1. e4 c5 2. Nf3 Nc6 3. Bc4 e6 4. Nc3 Nge7 5. Nb5 d5 6. exd5 exd5 7. Be2 a6 8.
Nc3 Bf5 9. d4 c4 10. a3 Ng6 11. O-O Be7 12. b3 b5 13. Re1 O-O 14. Bf1 Bf6 15.
Ne2 Re8 16. Be3 Nh4 17. Nxh4 Bxh4 18. g3 Bf6 19. b4 a5 20. c3 Qd7 21. Nf4 Ra7
22. Bg2 Ne7 23. Nh5 Rea8 24. Nxf6+ gxf6 25. bxa5 Rxa5 26. Bc1 Ra4 27. Bb2 Nc6
28. Qf3 Rd8 29. Re3 Kg7 30. Qe2 Bd3 31. Qd2 Na5 32. Rae1 Nb3 33. Qd1 Ra7 34.
Qh5 Bg6 35. Qh4 Qf5 36. g4 Qf4 37. Rf3 Qd6 38. Rfe3 Rg8 39. g5 Be4 40. Bxe4
dxe4 41. Rh3 fxg5 42. Qxh7+ Kf8 43. Rxe4 Re7 44. Rxe7 Qxe7 45. Qh6+ Rg7 46. Re3
Qd7 47. f3 Kg8 48. Re5 Nd2 49. Kf2 Qd8 50. Rxb5 f6 51. Qh3 Qe8 52. Rc5 g4 53.
Qh5 Qxh5 54. Rxh5 gxf3 55. Rf5 Rg2+ 56. Ke1 Ne4 57. Rxf3 Rxb2 58. Rf4 Nxc3 59.
Rxf6 Ne4 60. Re6 Nc3 61. Rc6 Rb1+ 62. Kd2 Ne4+ 63. Kc2 Rh1 64. Rxc4 Rxh2+ 65.
Kd3 Nd6 66. Rc6 Nf5 67. Ke4 Ne7 68. Rc3 Kf7 69. a4 Ke6 70. Rc5 Rh4+ 71. Kd3 Kd6
72. Kc4 Nc6 73. Rd5+ Kc7 74. Kc5 1/2-1/2

[Event "Campionatul National pe Echipe - SUPERL"]
[Site "?"]
[Date "2016.11.21"]
[Round "?"]
[White "Stanciu, Ioana-Georgiana"]
[Black "Dobre, Ana Margareta"]
[Result "1/2-1/2"]
[WhiteElo "2032"]
[BlackElo "1956"]
[PlyCount "65"]
[EventDate "2016.??.??"]

1. e4 c6 2. d4 d5 3. e5 c5 4. dxc5 Nc6 5. Nf3 e6 6. a3 Bxc5 7. b4 Bb6 8. Nc3 a6
9. Bd3 Nxe5 10. Nxe5 Qc7 11. O-O Qxe5 12. Bb2 Nf6 13. Na4 Qd6 14. Nxb6 Qxb6 15.
Qf3 Qd8 16. Rfe1 O-O 17. Re5 Kh8 18. Qh3 h6 19. Rae1 Ng8 20. Rh5 f6 21. Qg3 e5
22. f3 Qe8 23. Bg6 Qc6 24. Bc1 Be6 25. Qh4 Qc4 26. f4 Bf7 27. Qg3 Bxg6 28. Qxg6
exf4 29. Rh4 Qd4+ 30. Kf1 Qc4+ 31. Kg1 Qd4+ 32. Kf1 Qc4+ 33. Kg1 1/2-1/2

[Event "TCh-ROU Superliga w 2016"]
[Site "Calimanesti-Caciulata ROU"]
[Date "2016.11.23"]
[Round "3.1"]
[White "Stanciu, Ioana-Georgiana"]
[Black "Ionescu Brandis, Irina"]
[Result "1-0"]
[WhiteElo "2032"]
[BlackElo "2287"]
[PlyCount "73"]
[EventDate "2016.??.??"]
[WhiteTeam "C.S. Universitatea Arad"]
[BlackTeam "C.S.M. Bucuresti"]

1. e4 g6 2. d4 Bg7 3. Nc3 d6 4. f4 a6 5. Nf3 b5 6. Bd3 Bb7 7. Be3 Nd7 8. e5 Nh6
9. Be4 Bxe4 10. Nxe4 d5 11. Nf2 Nf5 12. Qd2 e6 13. g4 Nxe3 14. Qxe3 h5 15. Ng5
hxg4 16. Nxg4 Qe7 17. O-O-O c5 18. dxc5 Qxc5 19. Qd3 Ke7 20. Kb1 Qc4 21. Qg3
Rac8 22. Rd2 b4 23. Rg2 Nc5 24. Ne3 Ne4 25. Qg4 Qc5 26. Nxf7 Qxe3 27. Nxh8 Rxh8
28. Qxg6 Bf8 29. f5 Qh6 30. f6+ Kd8 31. Qf7 Nc5 32. Rg7 Bxg7 33. fxg7 Re8 34.
Rg1 Nd7 35. g8=Q Rxg8 36. Rxg8+ Kc7 37. Rg7 1-0

[Event "TCh-ROU Superliga w 2016"]
[Site "Calimanesti-Caciulata ROU"]
[Date "2016.11.25"]
[Round "5.2"]
[White "Vasile , Teodora"]
[Black "Stanciu, Ioana-Georgiana"]
[Result "1-0"]
[WhiteElo "1959"]
[BlackElo "2032"]
[PlyCount "78"]
[EventDate "2016.??.??"]
[WhiteTeam "A.C.S. Smart Galati"]
[BlackTeam "C.S. Universitatea Arad"]

1. d4 d5 2. c4 e6 3. Nc3 c6 4. Nf3 dxc4 5. e4 b5 6. a4 Bb4 7. Qc2 Bb7 8. Be2
Ne7 9. O-O a6 10. Be3 O-O 11. Ng5 h6 12. Nh3 Nd7 13. f4 f5 14. g4 Rc8 15. g5
Bxc3 16. bxc3 c5 17. Bf3 Qe8 18. gxh6 gxh6 19. Kf2 Nf6 20. Rg1+ Kh7 21. d5 exd5
22. exf5 Rc7 23. axb5 axb5 24. Ra7 Nc6 25. Rxb7 Rxb7 26. Bxc5 Rg8 27. Re1 Qd8
28. Re6 Ne4+ 29. Bxe4 dxe4 30. f6 Rd7 31. Qxe4+ Kh8 32. Qxc6 Rd2+ 33. Kf3 Qd3+
34. Be3 Qe2+ 35. Ke4 Qd3+ 36. Kf3 Qe2+ 37. Ke4 Qg2+ 38. Ke5 Qe2 39. Qe4 Rd3 1-0